Valoración crítica de la campaña electoral

Spremljeno u:
Bibliografski detalji
Format: Tekst
Teme:
Oznake: Dodaj oznaku
Bez oznaka, Budi prvi tko označuje ovaj zapis!

MARC

LEADER 00000 a a2200000 04500
001 6742
003
040
245 |a Valoración crítica de la campaña electoral  
650 |a ELECCIONES  
650 |a GOBIERNO LOCAL  
650 |a PODER LEGISLATIVO  
650 |a CAMPAÑAS DE INFORMACION  
650 |a VIOLENCIA  
650 |a MEDIOS DE COMUNICACION DE MASAS  
650 |a EL SALVADOR  
773 |g volumen 26, número 1184; páginas 2-3  
999 |c 40144  |d 40144